书目信息 |
| 题名: |
智慧图书馆信息管理与档案管理
|
|
| 作者: | 李平 , 杨美娜 , 龙宏伟 著 | |
| 分册: | ||
| 出版信息: | 北京 线装书局 2023.07 |
|
| 页数: | 245页 | |
| 开本: | 26cm | |
| 丛书名: | ||
| 单 册: | ||
| 中图分类: | G250.76 | |
| 科图分类: | ||
| 主题词: | 智慧图书馆--信息管理 , 智慧图书馆--档案管理 | |
| 电子资源: | ||
| ISBN: | 978-7-5120-5502-5 | |
| 000 | 00952nam0 2200265 450 | |
| 001 | 012832524 | |
| 005 | 20251022190139.84 | |
| 010 | @a978-7-5120-5502-5@dCNY68.00 | |
| 100 | @a20240326d2023 em y0chiy0120 ea | |
| 101 | 0 | @achi |
| 102 | @aCN@b110000 | |
| 105 | @aa z 000yy | |
| 106 | @ar | |
| 200 | 1 | @a智慧图书馆信息管理与档案管理@9zhi hui tu shu guan xin xi guan li yu dang an guan li@f李平,杨美娜,龙宏伟著 |
| 210 | @a北京@c线装书局@d2023.07 | |
| 215 | @a245页@c图@d26cm | |
| 330 | @a本书共十章,内容包括:智慧图书馆概述、图书馆信息资源建设概述、图书馆档案信息化管理、智慧图书馆建设的管理、图书馆管理体系的建设、智慧图书馆信息资源建设的共建共享等。 | |
| 606 | 0 | @a智慧图书馆@x信息管理 |
| 606 | 0 | @a智慧图书馆@x档案管理 |
| 690 | @aG250.76@v5 | |
| 701 | 0 | @a李平@9li ping@4著 |
| 701 | 0 | @a杨美娜@9yang mei na@4著 |
| 701 | 0 | @a龙宏伟@9long hong wei@4著 |
| 801 | 0 | @aCN@c20250905 |
| 905 | @a河南城建学院图书馆@dG250.76@eL222@ZL222@f1 | |
| 智慧图书馆信息管理与档案管理/李平,杨美娜,龙宏伟著.-北京:线装书局,2023.07 |
| 245页:图;26cm |
| ISBN 978-7-5120-5502-5:CNY68.00 |
| 本书共十章,内容包括:智慧图书馆概述、图书馆信息资源建设概述、图书馆档案信息化管理、智慧图书馆建设的管理、图书馆管理体系的建设、智慧图书馆信息资源建设的共建共享等。 |
| ● |
| 相关链接 |
|
|
|
正题名:智慧图书馆信息管理与档案管理
索取号:G250.76/L222
 
预约/预借
| 序号 | 登录号 | 条形码 | 馆藏地/架位号 | 状态 | 备注 |
| 1 | 1631072 | 216310720 | 社科库409/ [索取号:G250.76/L222] | 在馆 |